[Event "Riga Interzonal"]
[Site "Riga"]
[Date "1979.??.??"]
[Round "14"]
[White "Gruenfeld, Yehuda"]
[Black "Kuzmin, Gennadi P"]
[Result "1/2-1/2"]
[WhiteElo "2430"]
[BlackElo "2565"]

1.e4 d6 2.d4 Nf6 3.Nc3 g6 4.f4 Bg7 5.Nf3 O-O 6.Bd3 Nc6 7.O-O Bg4 8.e5 Nd7
9.Be3 Nb4 10.h3 Bxf3 11.Qxf3 c5 12.dxc5 Nxd3 13.cxd3 dxe5 14.f5 gxf5 15.Qxf5 e6
16.Qe4 Nf6 17.Qxb7 Rb8 18.Qa6 Rxb2 19.Rf2 Rxf2 20.Bxf2 Nh5 21.Ne2 e4 22.Rd1 Be5
23.Qc4 Qd5 24.Qxe4 Qxe4 25.dxe4 Rc8 26.Rc1 Nf6 27.Rc4 Nd7 28.Nc1 Nb8 29.Nd3 Bc7
30.Bh4 Kf8 31.Bf6 Nc6 32.Nb4 Nb8 33.Kf1 Ke8 34.Ke2 a5 35.Nc2 Kd7 36.Nd4 Nc6
37.Nb5 Rb8 38.a4 Rg8 39.g4 Rg6 40.Bc3 Rh6 41.Be1 Rxh3 42.Rc3 Rh2+ 43.Kd1 Be5
44.Rd3+ Ke7 45.Bd2 Rh1+ 46.Kc2 Ra1 47.Ra3 Rg1 48.g5 Rg2 49.Kd1 Rg4 50.Rh3 Rxe4
51.Rxh7 Kf8 52.g6 fxg6 53.Rb7 Rxa4 54.Rb6 Nd4 55.Nxd4 Rxd4 56.Rxe6 Rd5 57.Rxg6 Kf7
58.Rg2 a4 59.Kc2 Rxc5+ 60.Kd3 Rc6 61.Bb4  1/2-1/2

[Event "Riga Interzonal"]
[Site "Riga"]
[Date "1979.??.??"]
[Round "16"]
[White "Van Riemsdijk, Herman C"]
[Black "Kuzmin, Gennadi P"]
[Result "1/2-1/2"]
[WhiteElo "2435"]
[BlackElo "2565"]

1.e4 d6 2.d4 Nf6 3.Nd2 g6 4.Ngf3 Bg7 5.Bd3 O-O 6.O-O Nc6 7.c3 e5 8.dxe5 Nxe5
9.Nxe5 dxe5 10.Nc4 Qe7 11.b3 Rd8 12.Ba3 Qe8 13.Qe2 b6 14.Ne3 Bb7 15.f3 Bf8
16.Bxf8 Qxf8 17.b4 a5 18.a3 Ra7 19.Bc4 Qe7 20.Rad1 Raa8 21.Rxd8+ Rxd8 22.Rd1 Ra8
23.Qf2 axb4 24.axb4 Kg7 25.Qb2 Bc6 26.Ra1 Rd8 27.Rd1 Rxd1+ 28.Nxd1 Ne8 29.Qd2 Qd6
30.Qxd6 Nxd6 31.Bd3 f5 32.Nf2 Kf6 33.h4 h5 34.Kf1 Bd7 35.Ke2 Be6 36.Nd1 f4
37.Nb2 g5 38.hxg5+ Kxg5 39.c4 Kf6 40.Kf2 Bf7 41.Kg1 Be6 42.Kh2 h4 43.Be2 Ke7
44.Kg1 Nb7 45.Bd1 Kd6 46.Kf2 Bf7 47.Bb3 Ke7 48.Bc2 Nd8 49.Ba4 Kd6 50.Kg1 Ne6
51.c5+ bxc5 52.Nc4+ Ke7 53.Nxe5 cxb4 54.Nc6+ Kd6 55.Nxb4 c5 56.Nc2 c4 57.Kh2 Ng5
58.Nd4 Bg6 59.Bc2 Bh7 60.Bb1 Ke5 61.Nc6+ Kf6 62.Ba2 c3 63.Nb4 Ke5 64.Nd3+ Kd4
65.Nxf4 c2 66.Bb3 c1=N 67.Ne6+ Nxe6 68.Bxe6 Ne2 69.Bf5  1/2-1/2